Ч. 3; VI Всесоюзный симпозиум по сильноточной электронике

Podrobná bibliografie
Parent link:VI Всесоюзный симпозиум по сильноточной электронике: тезисы докладов, Томск 27-29 мая 1986 г./ Сильноточная электроника ; Академия наук СССР (АН СССР), Сибирское отделение (СО), Институт сильноточной электроники (ИСЭ) ; под ред. О. Б. Ладыженского.— , 1986
Jazyk:ruština
Vydáno: 1986
Témata:
Médium: MixedMaterials Kniha
KOHA link:https://koha.lib.tpu.ru/cgi-bin/koha/opac-detail.pl?biblionumber=142878

MARC

LEADER 00000nam2a2200000 4500
001 142878
005 20231031142910.0
020 |a RU  |b 86-47140 
035 |a (RuTPU)RU\TPU\book\154839 
090 |a 142878 
100 |a 20080912g1986 k a0rusy5003 ca 
101 0 |a rus 
102 |a RU 
105 |a a z 101zy 
200 0 |a Ч. 3 
210 |d 1986 
215 |d 19 см  |e (ил.)  |a 228 с. 
320 |a Библиогр. в конце ст. 
461 1 |0 (RuTPU)RU\TPU\book\171766  |t VI Всесоюзный симпозиум по сильноточной электронике  |o тезисы докладов, Томск 27-29 мая 1986 г.  |f Сильноточная электроника ; Академия наук СССР (АН СССР), Сибирское отделение (СО), Институт сильноточной электроники (ИСЭ) ; под ред. О. Б. Ладыженского  |o в 3 ч.  |d 1986 
610 1 |a электронная эмиссия 
610 1 |a электроника 
610 1 |a сильноточная электроника 
610 1 |a электроны 
610 1 |a электронные пучки 
610 1 |a симпозиумы 
801 0 |a RU  |b RuMRKP  |c 19950704  |g psbo 
801 1 |a RU  |b 63413507  |c 20080912  |g PSBO 
801 2 |a RU  |b 63413507  |c 20150522  |g PSBO 
942 |c BK